000 00613nam a2200181 a 4500
005 20140310183338.0
008 061103s19uu xx 00 eng d
020 _a1412914884
050 _aLC 4031
_b.T385 2006
245 _aTeaching adolescents with disabilities :
_baccessing the general education curriculum /
260 _aThousand Oaks, California :
_bA Sage Publication Company,
_c2006.
300 _a289 p. :
_bill. ;
_c27 cm.
521 _aEDU
650 _aTeenagers with disabilities
_xEducation (Secondary)
_xUnited States.
700 _aSchumaker, Jean B.
942 _cBK
_2lcc
_kFOR
999 _c21731
_d21731